000 00310 a2200157 4500
001 178487
020 _a
040 _cMagnum
100 _aSouza, Valeria
240 1 0 _aVida de rato
_lpor
245 1 0 _aVida de rato
362 0 _a1899
440 1 _aModerna
697 _aMAGNITO: I/ANIMAIS
942 _cBK
999 _c178487
_d178487